| 000 | 00700cam a2200253 a 4500 | ||
|---|---|---|---|
| 008 | |||
| 020 | _a1873981260 (pbk.) | ||
| 049 | _aMAIN | ||
| 090 |
_aHB135 _bLUC |
||
| 100 | _aLucey, T. | ||
| 245 | 0 | 0 |
_aQuantitative techniques / _cT. Lucey |
| 250 | _a4th ed. | ||
| 260 |
_aLondon : _bDP Publishing, _c1992. |
||
| 300 |
_avi, 531 p. : _bill. ; _c29 cm. |
||
| 500 | _aIncludes index. | ||
| 650 | 0 | _aAccounting. | |
| 650 | 0 |
_aAccounting _xMathematical models. |
|
| 650 | 0 |
_aAccounting _vProblems, exercises, etc. |
|
| 907 |
_a.b10237653 _b21-02-13 _c19-03-07 |
||
| 003 | |||
| 005 | 20250414183054.0 | ||
| 040 | _cNUST | ||
| 942 |
_cBOOKS _kHB135 _mLUC _01 |
||
| 999 |
_c165947 _d165947 |
||